The study of economics : principles, concepts, and applications

Αποθηκεύτηκε σε:
Λεπτομέρειες βιβλιογραφικής εγγραφής
Κύριος συγγραφέας: Mings, Turley
Μορφή: Βιβλίο
Γλώσσα:English
Δημοσίευση: Guilford, Conn. : Dushkin Pub. Group, c1983
Θέματα:
Ετικέτες: Προσθήκη ετικέτας
Δεν υπάρχουν, Καταχωρήστε ετικέτα πρώτοι!

MARC

LEADER 00000nam a2200000 i 4500
001 1/30788
008 950809s1983 eng d
020 |a 0879673230 
035 |l 10023463 
040 |a GR-MY-UA  |b gre  |e aacr 
041 0 |a eng 
082 0 |a 330  |2 (19) 
100 1 |a Mings, Turley. 
245 1 4 |a The study of economics :  |b principles, concepts, and applications /  |c Turley Mings 
260 |a Guilford, Conn. :   |b Dushkin Pub. Group,   |c c1983 
300 |a xviii, 452 p.;  |b ill.;  |c 25 cm 
504 |a Includes bibliographies and index 
650 0 0 |a Economics. 
852 |a INST  |b CHIOS  |e 19950809  |h 330 MIN  |p 005200001285  |q 005200001285  |t BK  |y 0 
909 |a Χ  |b 013331